| 000 | 00551nam a22002057a 4500 | ||
|---|---|---|---|
| 005 | 20241019074943.0 | ||
| 008 | 241019b |||||||| |||| 00| 0 eng d | ||
| 020 | _a9788173313646 | ||
| 040 |
_aIN-DiNC _cIN-DiNC |
||
| 041 | _dasm | ||
| 082 |
_a920 _bLAM |
||
| 100 |
_aLama, Dalai _eauthor |
||
| 245 |
_aMur desh aru mur manuh/ _cby Dalai Lama |
||
| 250 | _a1st ed. | ||
| 260 |
_aGuwahati: _bLawyers book stall, _c2017. |
||
| 300 | _a256+46p. | ||
| 650 | _aAutobiography of Dalai Lama | ||
| 700 |
_aLaskar, Indrani _eTranslator |
||
| 942 |
_2ddc _cBK |
||
| 999 |
_c12017 _d12017 |
||